| 000 | 00000nas##2200000za#4500 |
| 001 | 9.511781 |
| 003 | CaOODSP |
| 005 | 20231019151717 |
| 007 | ta |
| 008 | 150406c2009||||xxc|| p #||||f| |0fre|d |
| 022 | |a1924-2468 |
| 040 | |aCaOODSP|bfre |
| 041 | |aeng |
| 041 | |afre |
| 043 | |an-cn--- |
| 086 | 1 |aLo1 |
| 110 | 2 |aCommissariat au lobbying du Canada. |
| 245 | 10|aCommissariat au lobbying du Canada - rapport annuel |
| 260 | |aOttawa - Ontario : |bCommissariat au lobbying du Canada |
| 310 | |aAnnuel |
| 362 | 1 |a2008/09-- |
| 520 | 3 |aMet l’accent sur les priorités, les enjeux et les réalisations du Commissariat en ce qui a trait à la mise en application de la Loi sur le lobbying. |
| 563 | |aCouverture souple |
| 776 | 0#|tRapport annuel |w(CaOODSP)9.502218 |
| 791 | |tOffice of the Commissioner of Lobbying of Canada - annual report |eeng|w(CaOODSP)9.511780 |